000 00335nam a2200133Ia 4500
005 20251222144750.0
008 251222s9999||||xx |||||||||||||| ||spa||
020 _a9972-9765-7-2
082 _a985.013/B17
100 _aBalaguer, Alejandro
245 0 _aPachacámac:
264 _bInstituto Nacional de Cultura de Perú
942 _cLIB
999 _c19292
_d19292